| 000 | 01085cam a2200325 a 4500 | ||
|---|---|---|---|
| 001 | 000016078 | ||
| 003 | OSt | ||
| 005 | 20200929164250.0 | ||
| 008 | 900108s1978 sp a 000 0bspa | ||
| 010 | _a90101945 | ||
| 020 | _a8423953300 | ||
| 040 |
_aDO-SdBNP _bspa _cBNPHU |
||
| 082 |
_a927.46 _bA328G |
||
| 100 | 1 |
_aGauthier, André, _d1915-1994 _936057 |
|
| 245 | 1 | 0 |
_aAlbéniz / _cAndré Gauthier ; traducción del francés por Felipe Ximénez de Sandoval. |
| 260 |
_aMadrid, España : _bEspasa-Calpe, _c1978. |
||
| 300 |
_a123 p. : _bil. ; _c18 cm. |
||
| 490 | 1 | _aClásicos de la música | |
| 500 | _aIncluye notas a pie de páginas | ||
| 504 | _aBibliografia p: 126 | ||
| 504 | _aIncluye discografía : p. [125]. | ||
| 504 | _aIncluye referencias bibliográficas: (p. [126]). | ||
| 590 | _aInventariado, 2020/ YL | ||
| 600 | 1 | 0 |
_aALBÉNIZ, ISAAC, _d1860-1909. _9970 |
| 650 | 4 |
_aCompositores _zEspaña _xBiografía _936058 |
|
| 700 | 1 |
_aXiménez de Sandoval, Felipe _etr. _919335 |
|
| 830 |
_aClásicos de la música _933880 |
||
| 910 | _aEn proceso | ||
| 942 |
_2ddc _cLF1 |
||
| 999 |
_c15619 _d15619 |
||